Statistics for オーストラリア地図クイズ

Click here to take the quiz!

General Stats

  • This quiz has been taken 201 times
  • The average score is 6 of 8

Answers on the Map

Answers color-coded by a green-red scale on the quiz's map according to % correct below.
 

Answer Stats

Answer% Correct
オーストラリア首都特別地域
90%
タスマニア州
83%
南オーストラリア州
80%
西オーストラリア州
79%
ノーザンテリトリー
70%
クイーンズランド州
62%
ニューサウスウェールズ州
60%
ビクトリア州
48%

Score Distribution

Percentile by Number Answered

Percent of People with Each Score

Your Score History

You have not taken this quiz